| 000 | 00909 a2200277 4500 | ||
|---|---|---|---|
| 001 | 200424206 | ||
| 003 | TR-AnTOB | ||
| 005 | 20241022104112.0 | ||
| 008 | 160411s tu 000 0 | ||
| 040 |
_aTR-AnTOB _beng _erda _cTR-AnTOB |
||
| 041 | 0 | _atur | |
| 050 | 0 | 0 |
_aHT178 _bI88 2014 |
| 090 | _aHT178 I88 2014 | ||
| 245 | 1 | 0 |
_a2014-2023 İstanbul bölge planı _cplan koordinatörleri:Abdülmecit Karataş, Burcu Özüpak Güleç. |
| 264 |
_aİstanbul: _bİstanbul Kalkınma Ajansı, _c2014 |
||
| 300 |
_a524 s. _brenk, ; res. _c28 cm. |
||
| 336 |
_astill image _2rdacontent |
||
| 336 |
_atext _2rdacontent |
||
| 337 |
_aunmediated _2rdamedia |
||
| 338 |
_avolume _2rdacarrier |
||
| 650 | 0 | 0 |
_aBölgesel planlama _zTürkiye _zİstanbul _9113372 |
| 650 | 0 | 0 |
_aEconomic development _zTurkey _zİstanbul _9113375 |
| 650 | 0 | 0 |
_aEkonomik kalkınma _zTürkiye _zİstanbul _9113374 |
| 942 |
_cBK _2lcc |
||
| 999 |
_c200424206 _d1491 |
||